| 000 | 00335nam a2200133Ia 4500 | ||
|---|---|---|---|
| 005 | 20260328101527.0 | ||
| 008 | 260328s9999||||xx |||||||||||||| ||und|| | ||
| 100 | _aKramer, Sibylle | ||
| 245 | 0 |
_aSchools : _b Educational Spaces / _cSibylle Kramer |
|
| 260 | _bBraun | ||
| 300 | _a271 p. | ||
| 650 | _aARQUITECTURA - CULTURA | ||
| 942 | _cBK | ||
| 999 |
_c9836 _d9836 |
||